| 000 | 00587nam a22002057a 4500 | ||
|---|---|---|---|
| 999 |
_c1742 _d1742 |
||
| 001 | 14191 | ||
| 003 | BD-DhUAP | ||
| 005 | 20200216111102.0 | ||
| 008 | 200216s2004 bg ||||| |||| 001 0 eng d | ||
| 040 |
_aBD-DhUAP _bEng _cBD-DhUAP _dBD-DhUAP |
||
| 082 |
_223 _a347.549206 CHO |
||
| 100 | _aChowdhury, Obaidul Huq. | ||
| 245 |
_aThe evidence act : _b(I of 1872) / _cObaidul Huq Chowdhury. |
||
| 250 | _a4th ed. | ||
| 260 |
_aDhaka : _bDhaka Law Reports, _c2004. |
||
| 300 |
_a484 pages ; _c25 cm. |
||
| 500 | _aIncludes index. | ||
| 650 |
_aEvidence (Law) _zBangladesh. |
||
| 942 |
_2ddc _cBK |
||